[Event "Aracaju rapid op"]
[Site "Aracaju"]
[Date "2020.01.18"]
[Round "3"]
[White "Souza Neto, Jose Santos"]
[Black "Pacheco, Thassio Leonardo"]
[Result "1-0"]
[WhiteElo "1900"]
[BlackElo "1927"]
[PlyCount "72"]
[EventDate "2020.01.18"]
[EventType "swiss"]
[EventRounds "4"]
[EventCountry "BRA"]
[SourceTitle "CBM 194 Extra"]
[Source "ChessBase"]
[SourceDate "2020.03.31"]
[SourceVersion "1"]
[SourceVersionDate "2020.03.31"]
[SourceQuality "1"]

1. c4 e5 2. Nc3 Nf6 3. Nf3 e4 4. Ng5 d5 5. cxd5 Nxd5 6. Ngxe4 Bf5 7. Ng3 Nxc3 8. bxc3 Bg6 9. e4 Bd6 10. d4 0-0 11. e5 Re8 12. Be2 Be7 13. 0-0 f6 14. exf6 Bxf6 15. Qb3+ Bf7 16. Qxb7 Nd7 17. Qb2 Bh4 18. Bf3 Rb8 19. Qc2 c5 20. Bf4 Rb6 21. dxc5 Nxc5 22. Be3 Bg6 23. Qd1 Rd6 24. Qc1 Nd3 25. Qa3 Re7 26. Bc5 Nxc5 27. Qxc5 Rc7 28. Qa3 Be7 29. Qb3+ Bf7 30. Qc2 Rd2 31. Qe4 Rxc3 32. Rfd1 Bg6 33. Rxd2 Qxd2 34. Qxe7 Rc1+ 35. Rxc1 Qxc1+ 36. Nf1 Qc4 1-0